| 000 | 01828njm a2200421 c 4500 | ||
|---|---|---|---|
| 003 | BLK | ||
| 005 | 20241007102406.0 | ||
| 008 | 180410b bul||n||s|||||||| n|bulo| | ||
| 010 | _aCDD00004551000 | ||
| 040 | _aBLK | ||
| 041 |
_aDEU _cDEU |
||
| 072 | 7 |
_2bullib _aН9901 _xНемска читалня - музика Н |
|
| 080 |
_aОпера. Музикална драма. Романтична опера. Опера-приказка _b782.1 _x _z782.1 |
||
| 100 | 1 |
_aHindemith, Paul _eпърви автор _913020 |
|
| 700 |
_aХиндемит, Паул _d1895 - 1963 _9284537 |
||
| 700 | 1 |
_aRadio-Symphonie-Orchester Berlin _eизп. _9353490 |
|
| 700 | 1 |
_aAlbrecht, Gerd _eдиригент _9354086 |
|
| 700 | 1 |
_aNimsgern, Siegmund _eбаритон _919915 |
|
| 700 | 1 |
_aSchweizer, Verena _eсопран _9354751 |
|
| 700 | 1 |
_aSchunk, Robert _eтенор _923948 |
|
| 700 | 1 |
_aRias Kammerchor _eизп. _9353636 |
|
| 139 |
_aHindemith, Paul _bH 67 |
||
| 245 | 1 | 0 |
_aCardillac [CD аудио] _bOper in drei Akten : Fassung von 1926 : CD 1-2 _cPaul Hindemith; * Паул Хиндемит; изп. Radio-Symphonie-Orchester Berlin; диригент Gerd Albrecht; баритон Siegmund Nimsgern; сопран Verena Schweizer; тенор Robert Schunk; изп. Rias Kammerchor. _nCD 1 _pI. Akt - II. Akt, 1. Teil _sоп.39 |
| 257 | _aDEU | ||
| 260 |
_аMainz _bSchott Wergo _c1988 |
||
| 300 |
_a12 см. Stereo _fбр. в к-т _g1 CD |
||
| 380 | _a7 | ||
| 650 | 4 |
_aОпера _9165008 |
|
| 653 | _aОпера | ||
| 659 | _aН | ||
| 760 | 1 |
_aHindemith, Paul _h46мин. 23сек. _tCD 1 I. Akt - II. Akt, 1. Teil |
|
| 852 |
_aЦб CD 2694 _p0 |
||
| 856 | 4 |
_qpdf _u |
|
| 856 | 4 |
_qpdf _u |
|
| 942 |
_cCDD _n0 |
||
| 944 |
_aCR _c25.01.2011 _k30560 _lГеновева Генчева |
||
| 944 |
_aED _c25.01.2011 _k |
||
| 999 |
_c222527 _d222527 |
||